| 000 | 00000nam##2200000za#4500 |
| 001 | 9.635775 |
| 003 | CaOODSP |
| 005 | 20260106135602 |
| 007 | cr ||||||||||| |
| 008 | 150407|2008||||xxc|||||o f|0| 0 fre|d |
| 020 | |a978-0-662-04941-8 |
| 040 | |aCaOODSP|bfre |
| 043 | |an-cn--- |
| 086 | 1 |aM154-17/2008F-PDF |
| 110 | 2 |aCentre de la technologie de l'eĢnergie de CANMET (Canada) |
| 245 | 10|aCRTCE – Cartes routières technologiques du charbon écologique au Canada |h[ressource électronique] |
| 260 | |aOttawa - Ontario : |bRessources naturelles Canada. |c[2008]. |
| 300 | |a93p.|bfigures, glossaire, graphiques, cartes, références, tableaux, photographies |
| 590 | |a14-03-Supp|b2014-01-17 |
| 691 | 07|aÉnergie alternative|2gcpds |
| 775 | 08|tCCTRM – Canada's clean coal technology roadmap |w(CaOODSP)9.691445 |
| 856 | 40|ahttp://publications.gc.ca|qPDF|s10.81 Mo|uhttps://publications.gc.ca/collections/collection_2014/rncan-nrcan/M154-17-2008-fra.pdf |